000 01729nam a2200397Ia 4500
001 dia_5737
003 CHAP
005 20240318100758.0
007 ta
008 220117s2009 mx adeof 001 0 spa d
040 _amxchpua
_cCHAP
090 _aT.C.490
_bM45 EIUPA
_c2009
245 1 0 _aBeneficio ecológico de café orgánico diversificados ARGOVIA, S. A. de C. V. /
_ccoordinadores Amilcar Renan Mejenes Quijano y Diana América Reyna Izaguirre ; colaboradores Ana Patricia Cruz de la Cruz...[y otros]
260 _aMéxico :
_bEl autor,
_c2009
300 _aca. 100 hojas :
_bilustraciones, tablas, gráficas, planos, fotos
336 _2rdacontent
_atexto
_btxt
337 _2rdamedia
_ano mediado
_bn
338 _2rdacarrier
_avolumen
_bnc
500 _aGrado: 7° año Grupo: 01
502 _aViaje de Estudios
_b(EIUPA) --
_cUACh. Departamento de Ingeniería Agroindustrial,
_d2009
504 _aBibliografía: hoja 57
505 0 0 _aContiene 4 planos : -- 1.Plano de distribución de áreas (Esc.1:200) -- 2.Diagrama de recorrido(Esc.1:200) -- 3.Diagrama de flujo del beneficio de café: ARGOVIA -- 4.Diagrama de tuberías e instrumentación de café: ARGOVIA
650 1 3 _aCafé
_917085
650 1 3 _aProductos del café
_9150527
650 1 3 _aCoffee
_9147895
650 1 3 _aCoffee products
_9155323
700 1 _aMejenes Quijano, Amilcar Renán
_9147387
_ecoordinador
700 1 _aReyna Izaguirre, Diana América
_9147338
_ecoordinadora
700 1 _aCruz de la Cruz, Ana Patricia
_9159475
_ecolaboradora
901 _aT.C.490 M45 EIUPA 2009
902 _aM
905 _a5232272009 mx enmd8223123322spa16
942 _2local
942 _cVE
999 _c176757
_d176757